000 01006nam a2200253 a 4500
001 57905
003 BD-RjUL
005 20211209080550.0
008 161212s1973 ne b 101 0 eng
020 _a0444410899
035 _a(BD-RjUL) 58029
040 _aDLC
_cDLC
_dDLC
_dBD-RjUL
_beng
041 _aeng
082 0 0 _a320
_223
_bPOL 1973
245 1 0 _aPolitical decision-making processes :
_bstudies in national, comparative and international politics /
_cedited by Dusan Sidjanski.
260 _aAmsterdam ;
_aNew York :
_bElsevier Scientific Pub. Co.,
_cc1973.
300 _a237 p. ;
_c24 cm.
500 _aReports presented to a group of specialists at the 8th World Congress of the International Political Science Association, Munich, Sept. 1970.
504 _aIncludes bibliographical references.
650 0 _aPolitical science
_xDecision making
_vCongresses.
_9171983
700 _aSidjanski, Dusan
_9171984
710 2 _aInternational Political Science Association.
_9171985
942 _2ddc
_cBK
999 _c57905
_d57905